000 00837nam a2200265Ia 4500
003 OSt
005 20220923223256.0
006 a|||||r|||| 00| 0
007 ta
008 220922b |||||||| |||| 00| 0 hin d
020 _c25
024 _a212,749
037 _cTextual
040 _aARTS
_cARTS
_bhin
041 _2hin
_ahin
082 _aO152,3N25,GA, M5
100 _aलाल, लक्ष्मी नारायण
245 0 _aगली अनारकली
246 _aGalī anārakalī
260 _aदिल्ली
_b राजपाल एंड सन्स
_c1985
300 _a166पृ.
_ccm.
650 _aहिन्दी साहित्य
_9156264
942 _hO152,3N25,GA, M5
_cTEXL
_2CC
999 _c363023
_d363023